Normal view
MARC view
- Carriveau, Rupp
Entry Personal Name
001 - CONTROL NUMBER
- control field: 127894
003 - CONTROL NUMBER IDENTIFIER
- control field: NUST
005 - DATE AND TIME OF LATEST TRANSACTION
- control field: 20250218122139.0
008 - FIXED-LENGTH DATA ELEMENTS
- fixed length control field: 250218|| aca||aabn | a|a d
040 ## - CATALOGING SOURCE
- Original cataloging agency: NUST
- Transcribing agency: NUST
100 ## - HEADING--PERSONAL NAME
- Personal name: Carriveau, Rupp
670 ## - SOURCE DATA FOUND
- Source citation: Work cat.: (NUST): Ting, David S-K 127893, Energy Generation and Efficiency Technologies for Green Residential Buildings /, 2019.
